A psychosis szempontjából nagy kockázatú mentális állapotok és kezelésük első hazai eredmények [Low dose antipsychotic treatment reduces the risk of progression to psychosis in persons with prodromalsymptoms: results from Hungary] /

INTRODUCTION: Recent evidence raised the possibility that low-dose antipsychotic treatment during the prodromal phase may prevent the development of full-blown psychosis. AIMS: To investigate the effectiveness of low-dose antipsychotic medication in the prevention of psychosis. METHODS: Fifty-two pe...

Teljes leírás

Elmentve itt :
Bibliográfiai részletek
Szerzők: Kéri Szabolcs
Kelemen Oguz
Janka Zoltán
Dokumentumtípus: Cikk
Megjelent: 2006
Sorozat:ORVOSI HETILAP 147 No. 5
Tárgyszavak:
mtmt:1312020
Online Access:http://publicatio.bibl.u-szeged.hu/37803
LEADER 02187nab a2200229 i 4500
001 publ37803
005 20251009112527.0
008 251009s2006 hu o 000 hun d
022 |a 0030-6002 
024 7 |a 1312020  |2 mtmt 
040 |a SZTE Publicatio Repozitórium  |b hun 
041 |a hun 
100 1 |a Kéri Szabolcs 
245 1 2 |a A psychosis szempontjából nagy kockázatú mentális állapotok és kezelésük  |h [elektronikus dokumentum] :  |b első hazai eredmények [Low dose antipsychotic treatment reduces the risk of progression to psychosis in persons with prodromalsymptoms: results from Hungary] /  |c  Kéri Szabolcs 
260 |c 2006 
300 |a 201-204 
490 0 |a ORVOSI HETILAP  |v 147 No. 5 
520 3 |a INTRODUCTION: Recent evidence raised the possibility that low-dose antipsychotic treatment during the prodromal phase may prevent the development of full-blown psychosis. AIMS: To investigate the effectiveness of low-dose antipsychotic medication in the prevention of psychosis. METHODS: Fifty-two persons who fulfilled the PACE (Personal Assessment and Crisis Evaluation) criteria of ultra-high risk for psychosis participated in the study. Low-dose antipsychotic treatment (haloperidol or risperidone, 0.5-2 mg/day) was provided for 6 months together with psychoeducation and supportive psychotherapy. Participants were assessed at baseline, 6 months, and 12 months. Antidepressive therapy was provided as needed. RESULTS: Forty-two persons completed the study from whom 3 (7.1%) developed schizophrenia during the 6-month treatment period. New psychotic episodes were not observed during the 6-month follow-up period. Side effects were mild and transient, appearing in the first 4 weeks of treatment. The participants were satisfied with the treatment. CONCLUSIONS: Given that without a specific treatment, 30-60% of persons with ultra-high risk develop frank psychosis, low-dose antipsychotic treatment seems to be effective in the prevention or delay of psychosis. 
650 4 |a Klinikai orvostan 
700 0 1 |a Kelemen Oguz  |e aut 
700 0 1 |a Janka Zoltán  |e aut 
856 4 0 |u http://publicatio.bibl.u-szeged.hu/37803/1/131202073OH_2006_147.5_201-204.pdf  |z Dokumentum-elérés